Quizzes
Events
Quiz Creation
Community
Videos
Private Events
Remove Ads
Sign In
Join for FREE
Feedback
Dark Mode
Quiz Categories
Sports
Geography
Music
Movies
Television
Just For Fun
Miscellaneous
History
Literature
Language
Science
Gaming
Entertainment
Religion
Holiday
For Kids
Quiz Lab
Recent
Popular Today
Quiz Kudos Today
Editor Picks
Curator Picks
Quizzes by...
Day
Popularity
Type
Ratings
Length
Year
Community
Subscriptions
Recent Discussions
Orange Saloon
Badges
Playlists
Quests
Create
Leaderboards
Showdown
Live 5
Trivia Bingo
Activity
Puzzle Library
Sporcle Events
Private Events
Virtual Trivia
Globe League
Become a Host
Pub Owners
SporcleCon
Opinionation
Our Games
Videos
Blog
Mobile Apps
Partnerships
Remove Ads and Go Orange
Feedback
Sports
Athletes
MLB
NBA
NHL
NFL
Soccer
Sports Teams
WWE
NCAA
Football
Premier League
Basketball
Baseball
Hockey
Golf
Tennis
Cricket
Rugby
Auto Racing
Olympics
World Cup
Sports
Athletes
MLB
NBA
NHL
NFL
Soccer
Sports Teams
WWE
NCAA
Football
Premier League
Basketball
Baseball
Hockey
Golf
Tennis
Cricket
Rugby
Auto Racing
Olympics
World Cup
Random Quiz
Search Sporcle
×
Quiz Lab
Quiz Lab
Sports
WWE
Type in answers that appear in a list
Type in answers that appear in a list
Classic
Best Score? Go Orange.
Complete the Card: Survivor Series 2011 Stats
Can you name the wrestlers who competed at WWE Survivor Series 2011?
By
nscox
5m
34 Questions
1,115 Plays
1,115 Plays
1,115 Plays
Comments
Comments
Give Quiz Kudos
Give Quiz Kudos
-
- Ratings
hide this ad
Replay
Link that replays current quiz
Next Quiz
Link to next quiz in quiz playlist
You Got
0%
They Got
Avg Score
75%
Avg Friend Score
Upgrade to see
Score Distribution
Jump to the score distribution portion of the page
Score
0/34
Timer
05:00
1
Play Today
% Correct
John Cena
97.8%
CM Punk
95%
The Miz
94.6%
Alberto Del Rio
93.5%
Dolph Ziggler
92.8%
Dolph Ziggler
92.8%
R-Truth
91.7%
Randy Orton
91.1%
Jerry Lawler
90.9%
The Big Show
90.9%
The Rock
90.8%
Mark Henry
88.3%
Michael Cole
86.4%
Ricardo Rodriguez
83.6%
Wade Barrett
83%
Vickie Guerrero
82.2%
Sheamus
81.9%
% Correct
Beth Phoenix
80.2%
Jack Swagger
79.4%
Kofi Kingston
78.8%
Eve Torres
75.4%
Zack Ryder
72.8%
Cody Rhodes
72.2%
Booker T
69.4%
John Morrison
69%
Justin Roberts
66.1%
Howard Finkel
64.4%
Sin Cara
62.9%
Hunico
53.8%
Santino Marella
48.8%
Matt Striker
47.3%
John Laurinaitis
46.3%
Mason Ryan
43.2%
Jinder Mahal
25.9%
Quiz Playlist
Details
Report
Send in Message
Add To Playlist
Classic:
Type in answers that appear in a list
Quiz Source
Last Updated: Feb 16, 2017
Quiz Scoreboard
CHALLENGE
Sign Up to Join the Scoreboard
Show All
Scores
Hide
Comments
May contain spoilers
Recently Published
9x9 Crossword: Cartoon Network
by jackfrog10
Miscellaneous
3m
College Basketball Coaching Resumes
by pancakes188
Sports
9m
Billboard Blitz: Fleetwood Mac
by CooCooCachoo
Music
15s
More to Explore
Quiz From the Vault
Featured Blog Post
Where Did the Easter Bunny Come From?
hide this ad
You Might Also Like...
Tags
WWE Quiz
PPV
Survivor Series
Wrestlers
Wrestling
WWF
Today's Top Quizzes in Sports
Browse Sports
hide this ad
Today's Top Quizzes in WWE
Browse WWE
Top Contributed Quizzes in Sports
1
2022 World Cup Stars
2
Les meilleurs buteurs des matchs entre le PSG et l’OM
3
FIFA Club World Cup Champions
4
Les entraîneurs de l'OM et du PSG au 21e siècle
5
Criteria MLB: Left Handed Sluggers
6
AFC Teams Reveal (Wrong Answers Minefield)
7
2023 MLB Unique Player Accomplishments
8
5-to-1: FBS Animal Nicknames
9
Players with Multiple 50 Home Run Seasons
10
5-to-1: UK Sports Teams
Explore More
Trending Topics
Anime
Harry Potter
Marvel
Disney
Crossword
Kpop
NBA
WWE
Country
NFL
Pokémon
Song
Puzzle
The Office
Soccer
hide this ad
More By:
nscox
Quiz
Plays
Rating
Category
Featured
Created
2012 Summer Olympics Minefield
527,202
4.14
Sports
Jul 11, 2012
NHL Teams (Redux)
280,088
4.17
Sports
Mar 31, 2012
WWE 'Money in the Bank' Match Participants
246,738
4.23
Sports
Jun 27, 2011
Every WrestleMania Match 1-31!
240,003
4.57
Sports
Mar 4, 2012
Famous Wrestlers by Picture
236,449
4.21
Sports
Sep 13, 2012
Go to Creator's Profile
Score Distribution
Quiz Creator Spotlight
nscox
Follow
Send a Message
Quizzes Created
-
Created Quiz Play Count
-
More By This Creator
Popular Quizzes Today
1
Find the US States - No Outlines Minefield
2
Find the Countries of Europe - No Outlines Minefield
3
The Countries of the World
4
Find the US States
5
Risky Map Clicking: Biggest States A-Z
6
US States
7
Popular People in 1961
8
Movies - When Are They Set?
More Sports Quizzes
AEW Roster (October 2019)
Curator's Pick
Trending Quizzes
Risky Map Clicking: Least Populous States A-Z
1-10 Letter G Words
1-10 Letter F Words
Risky Map Clicking: Next State Alphabetically
Adjectives in 80s TV Shows
Recently Updated
Leaping Animals
pecheneg
Reality TV Shows (A-Z)
bhenderson79
Rickey Henderson's Hall of Fame Teammates
pecheneg
Champions League XIs: Arsenal
pecheneg
Quick Pick: Celebrities in WWE's Hall of Fame
aduchscher
A-Z Keypad Blitz II
pecheneg
Multiple Oscar Actors
pecheneg
Mystery Phrase Blitz: Oscar 'Best Actors'
pecheneg
F. Scott Fitzgerald Novels
LTH
Pick 3 Villains
ddd62291
Trending Topics
Kpop
Harry Potter
NBA
Anime
Disney
Marvel
Crossword
Puzzle
Soccer
Pokémon
The Office
Country
NFL
WWE
Song
Your Account Isn't Verified!
In order to create a playlist on Sporcle, you need to verify the email address you used during registration. Go to your
Sporcle Settings
to finish the process.
Report this User
Report this user for behavior that violates our
Community Guidelines
.
Details:
Send Report
Go to the Sporcle.com Mobile Site →
Comments